| 000 -LEADER |
| fixed length control field |
01132pam a2200265 a 4500 |
| 001 - CONTROL NUMBER |
| control field |
3314059 |
| 005 - DATE AND TIME OF LATEST TRANSACTION |
| control field |
20220117124653.0 |
| 008 - FIXED-LENGTH DATA ELEMENTS--GENERAL INFORMATION |
| fixed length control field |
840612s19859999nyua b 001 0 eng |
| 020 ## - INTERNATIONAL STANDARD BOOK NUMBER |
| International Standard Book Number |
9780070367050 |
| 041 ## - LANGUAGE CODE |
| Language code of text/sound track or separate title |
eng |
| 080 ## - UNIVERSAL DECIMAL CLASSIFICATION NUMBER |
| Universal Decimal Classification number |
821.111(092) L-41 |
| 082 00 - DEWEY DECIMAL CLASSIFICATION NUMBER |
| Edition number |
|
| 100 1# - MAIN ENTRY--PERSONAL NAME |
| Personal name |
Lawrence, Karen, |
| Dates associated with a name |
1949- |
| 9 (RLIN) |
13375 |
| 245 14 - TITLE STATEMENT |
| Title |
The McGraw-Hill guide to English literature : |
| Statement of responsibility, etc. |
Karen Lawrence, Betsy Seifter, and Lois Ratner. |
| Remainder of title |
Volume 2. William Blake to D.H. Lawrence / |
| 264 ## - PRODUCTION, PUBLICATION, DISTRIBUTION, MANUFACTURE, AND COPYRIGHT NOTICE |
| Place of production, publication, distribution, manufacture |
New York : |
| Name of producer, publisher, distributor, manufacturer |
McGraw-Hill, |
| Date of production, publication, distribution, manufacture, or copyright notice |
1985. |
| 300 ## - PHYSICAL DESCRIPTION |
| Extent |
480 p.; |
| Other physical details |
ill., |
| Dimensions |
22 cm. |
| 650 #0 - SUBJECT ADDED ENTRY--TOPICAL TERM |
| Topical term or geographic name entry element |
English literature |
| General subdivision |
Study and teaching. |
| 9 (RLIN) |
13376 |
| 653 ## - INDEX TERM--UNCONTROLLED |
| keyword |
მაკგრაუ-ჰილის სახელმძღვანელო ინგლისურ ლიტერატურაში |
| 653 ## - INDEX TERM--UNCONTROLLED |
| keyword |
Путеводитель McGraw-Hill по английской литературе |
| 653 ## - INDEX TERM--UNCONTROLLED |
| keyword |
სწავლა და სწავლება |
| 653 ## - INDEX TERM--UNCONTROLLED |
| keyword |
Учеба и преподавание |
| 700 1# - ADDED ENTRY--PERSONAL NAME |
| Personal name |
Seifter, Betsy. |
| Relator term |
ავტორი |
| 9 (RLIN) |
13377 |
| 700 1# - ADDED ENTRY--PERSONAL NAME |
| Personal name |
Ratner, Lois. |
| Relator term |
ავტორი |
| 9 (RLIN) |
13378 |
| 942 ## - ADDED ENTRY ELEMENTS (KOHA) |
| Source of classification or shelving scheme |
|
| Koha item type |
წიგნი |